| 000 | 00597nam a22001817a 4500 | ||
|---|---|---|---|
| 008 | 161007b xxu||||| |||| 00| 0 eng d | ||
| 020 | _a9780721695303 | ||
| 050 | _aRT 41 .M34 2003 | ||
| 100 | _aMaebius,Nancy K. | ||
| 245 |
_aStudy guide to accompany Linton & Maebius Introduction to medical-surgical nursing / _cNancy K. Maebius |
||
| 250 | _a3rd ed. | ||
| 260 |
_aPhiladelphia : _bSaunders, _cc2003 |
||
| 300 |
_avi, 580p. : _bill. ; _c28cm |
||
| 650 | _aNursing | ||
| 650 | _aSurgical nursing | ||
| 700 | _aLinton,Adrianne Dill | ||
| 942 |
_2lcc _cBOOKS _hRT 41 .M34 2003 |
||
| 999 |
_c14740 _d14740 |
||